000 00539nam a2200205Ia 4500
005 20250508165047.0
008 008 250505s9999 xx 000 0 hin d
037 _aTextual
040 _aFEDL
_beng
_cFEDL
041 _ahin
_2hin
084 _a891.43, SHU
_qFEDL
100 _aNamwar Singh
245 0 _aRamchandra Shukla sanchayan
260 _aNew Delhi, India
_bSahitya Akademi
_c1993
300 _a172p.
365 _aINR
_b650
546 _aMACESE
942 _cTEXL
_h891.43, SHU
999 _c1392906
_d1392906